Statistics for Countries that have the most youtube views

Click here to take the quiz!

General Stats

  • This quiz has been taken 83 times
  • The average score is 8 of 10

Answer Stats

ViewsCountry% Correct
391 BillionUnited Kingdom
100%
916 BillionUnited States
100%
503 BillionIndia
95%
274 BillionBrazil
90%
159 BillionJapan
90%
158 BillionCanada
86%
207 BillionRussia
86%
169 BillionSpain
81%
204 BillionSouth Korea
69%
207 BillionThailand
36%

Score Distribution

Percentile by Number Answered

Percent of People with Each Score

Your Score History

You have not taken this quiz